000
00230nam a2200097Ia 4500
001
798210
005
20250826170823.0
008
250824s9999 xx 000 0 und d
245
0
_a
HEMHAL
_c
SAİT KÖŞK
260
_b
PORTAKAL YAYINLARI
999
_c
798210
_d
798210